Zariadenie na vyberanie patrón a/alebo nábojníc pri zbrani s lámacou hlavňou

Bibliographic Details
Corporate Author: S.A.T. Swiss Arms Technology AG (Neuhausen, Švajčiarsko) (Patent holder)
Other Authors: Popikow, Sergej (Originator)
Format: Book
Language:Slovak
PhysicalDescription:11 s. obr. 30 cm
Published: [Banská Bystrica] Úrad priemyselného vlastníctva SR [2008]
Subjects:

MARC

LEADER 00000cam a2200000 a 4500
001 vtls009810768
003 SK-MaSNL
005 20260331205321.0
008 251120s2008 xo a j f000 0 slo
013 |a 286046  |b gw  |c patent  |d 20080107  |e dátum nadobudnutia účinkov patentu (Vestník ÚPV SR č.: 1/2008)  |d 20080104  |e dátum sprístupnenia patentu 
013 |a 1271-2003  |e číslo prihlášky  |d 20020405  |e dátum podania prihlášky  |d 20040406  |e dátum zverejnenia prihlášky (Vestník ÚPV SR č.: 4/2004) 
013 |a 101 18 044.6  |e číslo prioritnej prihlášky  |d 20010411  |e dátum podania prioritnej prihlášky  |b DE  |e kód krajiny prioritnej prihlášky 
015 |a SNBN2015 
035 |a (SVKBBclas03)vtls000282009 
040 |a SNK  |b slo  |c SNK  |e AACR2 
041 0 |a slo 
044 |a xo  |c SK 
072 7 |a 623  |x Vojenská technika  |2 konspekt 
080 |a 623.4  |2 2001 
084 |a F41A 15/00  |2 IPC 
100 1 |a Popikow, Sergej  |4 org  |9 477719 
245 1 0 |a Zariadenie na vyberanie patrón a/alebo nábojníc pri zbrani s lámacou hlavňou  |c Sergej Popikow ; patent. zást. Rott, Růžička & Guttmann, v. o. s. 
260 |a [Banská Bystrica]  |b Úrad priemyselného vlastníctva SR  |c [2008] 
300 |a 11 s.  |b obr.  |c 30 cm 
650 0 7 |a zbrane  |2 SNKPH  |9 4348 
650 0 7 |a Weapons  |2 SNKPHeng  |9 267230 
655 7 |a patenty  |2 SNKPH  |9 177343 
655 7 |a patent licenses  |2 SNKPHeng  |9 303430 
710 2 |a S.A.T. Swiss Arms Technology AG (Neuhausen, Švajčiarsko)  |4 pth  |9 477720 
710 2 |a Rott, Růžička & Guttmann (Bratislava, Slovensko)  |4 oth  |9 161299 
999 |c 745005  |d 746935 
952 |a SNK  |b SNK  |y PREZ  |7 0  |p 17A1161172  |o snkSK 286046  |i snk2015/23130  |8 0  |0 0  |1 0  |4 0  |d 2015-07-29  |l 0  |r 2026-02-23 23:13:22  |w 2026-02-23